Biodiversity is our life (Registro nro. 19099)

Detalles MARC
000 -CABECERA
Campo de control 00931nam a2200253 a 4500
005 - FECHA Y HORA DE LA ULTIMA TRANSACCION
Campo de control 20200104041751.0
008 - ELEMENTOS DE LONGITUD FIJA—INFORMACION GENERAL
Campo de control 161024s2010 ko ao|||r|||| 00| 0 spa d
020 ## - ISBN
ISBN 9788994555188
040 ## - FUENTE DE CATALOGACIÓN
Agencia catalogadora original CO-BoIAVH
Agencia transcriptora CO-BoIAVH
041 0# - IDIOMA
Código de idioma para texto/pista de sonido o título separado Inglés
044 ## - PAÍS DE PUBLICACIÓN
País de publicación Corea (Sur)
082 04 - NUMERO DE CLASIFICACION DECIMAL DEWEY
Número de clasificación 333.9516
Número del ítem B61o
245 00 - MENCION DE TITULO
Título Biodiversity is our life
246 14 - FORMA VARIANTE DEL TITULO
Título propiamente dicho/forma breve del título Biodiversity is our life :
Parte restante del título The Republic of Korea
260 ## - PUBLICACION, DISTRIBUCION, ETC. (PIE DE IMPRENTA)
Lugar de publicación, distribución, etc. Incheon, Corea del Sur :
Nombre del editor, distribuidor, etc. National Institute of Biological Resources,
Fecha de publicación, distribución, etc. 2010.
300 ## - DESCRIPCION FISICA
Extensión 95 páginas :
Otros detalles físicos ilustraciones a color y fotografías a color ;
Dimensiones 28 x 22 cm.
500 ## - NOTA GENERAL
Nota general 2010 IYB Special Report.
650 26 - ASIENTO SECUNDARIO DE MATERIA - TERMINO TEMATICO
Término temático o nombre geográfico como elemento de entrada Biodiversidad
Subdivisión general política
9 (RLIN) 77017
650 26 - ASIENTO SECUNDARIO DE MATERIA - TERMINO TEMATICO
Término temático o nombre geográfico como elemento de entrada Conservación de la diversidad biológica
Subdivisión cronológica política
9 (RLIN) 77018
650 26 - ASIENTO SECUNDARIO DE MATERIA - TERMINO TEMATICO
Término temático o nombre geográfico como elemento de entrada Política ambiental
9 (RLIN) 92286
650 26 - ASIENTO SECUNDARIO DE MATERIA - TERMINO TEMATICO
Término temático o nombre geográfico como elemento de entrada Educación ambiental
9 (RLIN) 162
710 2# - ASIENTO SECUNDARIO - NOMBRE CORPORATIVO
9 (RLIN) 23391
Nombre corporativo o de jurisdicción como elemento de entrada National Institute of Biological Resources
Lugar de la reunión (Corea del Sur)
942 ## - ELEMENTOS ADICIONALES (KOHA)
Sistema de clasificación Dewey Decimal Classification
Tipo de ítem Libro
Existencias
Withdrawn status Lost status Sistema de Clasificación Damaged status No para préstamo Colección Inventariado Ubicación Permanente Ubicación actual Fecha de adquisición Fuente de Valor Valor Total Checkouts Número topográfico Inventario / Código de Barras Date last seen Ejemplar Price effective from Forma de adquisición Tipo de material
    Dewey Decimal Classification     General Inventariado 2017 Bogotá Bogotá 24/10/2016 Instituto 39000.00   LB-333.9516 B61o 040782 24/10/2016 Ej. 1 24/10/2016 Donación Libro